Utopia Tracklist (Travis Scott) - Statistics

General Stats
  • This quiz has been taken 1,468 times
  • The average score is 15 of 19
Answer Stats
Featured Artists Answer % Correct
Playboi Carti FE!N
96%
Drake MELTDOWN
91%
Bad Bunny, The Weeknd K-POP
87%
21 Savage, Rob49 TOPIA TWINS
86%
n/a MY EYES
85%
Future, SZA TELEKINESIS
85%
n/a HYAENA
84%
Teezo Touchdown MODERN JAM
82%
KayCyy THANK GOD
81%
Swae Lee, The Weeknd CIRCUS MAXIMUS
78%
Kid Cudi LOOOVE
78%
21 Savage, James Blake TIL FURTHER NOTICE
77%
Beyoncé DELRESTO (ECHOES)
76%
n/a I KNOW ?
76%
Young Thug SKITZO
75%
n/a SIRENS
74%
n/a GOD'S COUNTRY
73%
Yung Lean, Dave Chappelle PARASAIL
70%
Westside Gunn LOST FOREVER
66%
No matching quizzes found
Score Distribution
Percent of People with Each Score
Percentile by Number Answered
Your Score History
You have not taken this quiz